[Event "Morava-ch"]
[Site "Orlova"]
[Date "2023.10.27"]
[Round "7"]
[White "Grausgruber, Jiri"]
[Black "Zednicek, Filip"]
[Result "0-1"]
[WhiteElo "1497"]
[BlackElo "1950"]
[PlyCount "54"]
[EventDate "2023.10.24"]
[EventType "swiss"]
[EventRounds "9"]
[EventCountry "CZE"]
[SourceTitle "Mega2024 Update 01"]
[Source "Chessbase"]
[SourceDate "2023.11.12"]
[SourceVersion "1"]
[SourceVersionDate "2023.11.12"]
[SourceQuality "1"]

1. d4 d5 2. c4 e6 3. Nf3 Nf6 4. Nc3 Be7 5. cxd5 exd5 6. g3 0-0 7. Bg2 b6 8. 0-0 Bb7 9. b3 Nbd7 10. Bb2 c5 11. Rc1 Rc8 12. e3 Qc7 13. dxc5 bxc5 14. Na4 Qb8 15. Ba3 Rfe8 16. Re1 Rc7 17. Rc2 Bf8 18. Qc1 Rec8 19. Nd2 Ne5 20. Bf1 Ne4 21. Be2 Nxd2 22. Qxd2 d4 23. exd4 cxd4 24. Rxc7 Qxc7 25. Bxf8 Qc6 26. f3 Nxf3+ 27. Bxf3 Qxf3 0-1

[Event "Morava-ch"]
[Site "Orlova"]
[Date "2023.10.26"]
[Round "5"]
[White "Grausgruber, Jiri"]
[Black "Vrba, Zbynek"]
[Result "1-0"]
[WhiteElo "1497"]
[BlackElo "1409"]
[PlyCount "41"]
[EventDate "2023.10.24"]
[EventType "swiss"]
[EventRounds "9"]
[EventCountry "CZE"]
[SourceTitle "Mega2024 Update 01"]
[Source "Chessbase"]
[SourceDate "2023.11.12"]
[SourceVersion "1"]
[SourceVersionDate "2023.11.12"]
[SourceQuality "1"]

1. Nf3 Nf6 2. c4 g6 3. Nc3 Bg7 4. e4 d6 5. d4 0-0 6. Be2 e5 7. d5 Nbd7 8. Bg5 h6 9. Bh4 a6 10. 0-0 g5 11. Bg3 Nc5 12. Nd2 a5 13. b3 Bd7 14. a3 Na6 15. Rb1 c6 16. dxc6 bxc6 17. b4 axb4 18. axb4 Nc7 19. c5 Nfe8 20. Nc4 dxc5 21. Nb6 1-0

[Event "Morava-ch"]
[Site "Orlova"]
[Date "2023.10.24"]
[Round "1"]
[White "Grausgruber, Jiri"]
[Black "Tikovsky, Alexander"]
[Result "0-1"]
[WhiteElo "1497"]
[BlackElo "2080"]
[PlyCount "80"]
[EventDate "2023.10.24"]
[EventType "swiss"]
[EventRounds "9"]
[EventCountry "CZE"]
[SourceTitle "Mega2024 Update 01"]
[Source "Chessbase"]
[SourceDate "2023.11.12"]
[SourceVersion "1"]
[SourceVersionDate "2023.11.12"]
[SourceQuality "1"]

1. d4 e6 2. c4 f5 3. Nc3 Nf6 4. Bg5 Bb4 5. Qc2 0-0 6. e3 b6 7. Bd3 Bb7 8. Nf3 Qe8 9. 0-0-0 Bxc3 10. Qxc3 Ne4 11. Qc2 d6 12. Bf4 Nd7 13. Bxe4 Bxe4 14. Qc3 Nf6 15. Ne1 Qa4 16. Qb3 Qa5 17. f3 Bc6 18. Nc2 Kh8 19. Qa3 Qxa3 20. Nxa3 Rfe8 21. Nb5 Bxb5 22. cxb5 Nd5 23. Rhe1 a6 24. bxa6 Rxa6 25. a3 Nxf4 26. exf4 Kg8 27. d5 Kf7 28. Kc2 Ra4 29. g3 Rc4+ 30. Kb3 Rc5 31. dxe6+ Rxe6 32. a4 Ke7 33. g4 Kd7 34. Rxe6 Kxe6 35. Re1+ Kd7 36. Re3 Rc1 37. h4 Rg1 38. g5 Rh1 39. h5 Rxh5 40. Rd3 Rh4 0-1